000 00907nam a2200253Ia 4500
003 OSt
005 20221005112552.0
006 a|||||r|||| 00| 0
007 ta
008 221004b |||||||| |||| 00| 0 pan d
020 _a9789388119023 (pbk)
_cINR 350.00
024 _a45155
037 _bSP/6266, 11/02/2019, Star Publications Pvt. Ltd.
_cTextual
040 _aCRL
_cCRL
_bpan
041 _2pan
_apan
082 _aY73(P153):351, 153Q8
100 _aਸਟੀਲ, ਫਲੋਰਾ, ਂਚ.
245 0 _aਪੰਜਾਬ ਦੀਆਂ ਕਥਾਵਾਂ
260 _aਚੰਡੀਗੜ੍ਹ
_bFਪਤਰਿFੀ ਭਾਰਤ
_c2018
300 _a238ਪ੍ਰ0
_ccm.
650 _aਸਭਿਆਚਾਰ
942 _hY73(P153):351, 153Q8
_cTEXL
_2cc
999 _c1025276
_d1025276